000 00855nam a2200253Ia 4500
003 OSt
005 20221005111253.0
006 a|||||r|||| 00| 0
007 ta
008 221004b |||||||| |||| 00| 0 hin d
020 _a8170558344 (hbk)
_c790
024 _a94078
037 _b486, 18/03/2009, Vani Prakashan
_cTextual
040 _aCRL
_cCRL
_bhin
041 _2hin
_ahin
082 _aO152,1N01:g, P1
100 _aवाजपेयी, अशोक, संपा.
245 0 _aपंत सहचर
246 _aPanta sahachara
260 _aनई दिल्ली
_bवाणी प्रकाशन भारत
_c2001
300 _a341पृ0
_ccm.
942 _hO152,1N01:g, P1
_cTEXL
_2cc
999 _c1021328
_d1021328